000 00265nam a22001097a 4500
008 240709b |||||||| |||| 00| 0 eng d
100 _aMemnani, Narayan Das
_916758
245 _aVidhva
260 _aBombay:
_bLok Sewa Mandal;
_c1964.
300 _a258p.
942 _cBK
999 _c39886
_d39886